| 000 | nam a22 7a 4500 | ||
|---|---|---|---|
| 999 |
_c27595 _d27595 |
||
| 008 | 170209b xxu||||| |||| 00| 0 eng d | ||
| 020 | _a971133108948 | ||
| 050 | _aQA 37.3 .T36 2013 | ||
| 100 | _aTan, Soo T. | ||
| 245 |
_aApplied mathematics : _bfor the managerial, life and social scinces/ _cSoo T. Tan. |
||
| 250 | _a6th ed. | ||
| 260 |
_aAustralia: _bBrooks?col Cengage learning, _c2013. |
||
| 300 |
_axxiv, 941p. : _bill. ; _c28cm. |
||
| 500 | _aInclude index. | ||
| 942 |
_2lcc _cBOOKS |
||